| 000 | 01386cam a2200301 a 4500 | ||
|---|---|---|---|
| 001 | 1107493 | ||
| 003 | OSt | ||
| 005 | 20210414114454.0 | ||
| 008 | 930804s1994 nyu b 001 0 eng | ||
| 010 | _a 93029715 | ||
| 020 | _a0231079729 | ||
| 020 | _a0231079737 (pbk.) | ||
| 040 |
_aDLC _cDLC _dDLC |
||
| 050 | 0 | 0 | _aPN4784.B75.B55 |
| 100 | 1 |
_aBliss, Edward, _d1912-2002. |
|
| 245 | 1 | 0 |
_aWriting news for broadcast. / _cEdward Bliss, Jr., James L. Hoyt. |
| 250 | _a3rd ed. | ||
| 260 |
_aNew York : _bColumbia University Press, _cc1992. |
||
| 300 |
_axii, 161 p. : _c26 cm. |
||
| 504 | _aIncludes bibliographical references (p. [154]-157) and index. | ||
| 505 | _aContents: Introduction -- A new way of reporting -- Basic work rules -- Names and pronunciation -- Tell your story -- Watch that word! -- Some grammatical goblins -- Keeping it short -- The time element -- The lead -- The lead-in -- The spoken word -- Voice-over: Image and the word -- Those special formats -- Your electronic link to the world: The news service -- What else? | ||
| 650 | 0 |
_aBroadcast journalism _xAuthorship. |
|
| 650 | 0 | _aReport writing. | |
| 700 | 1 | _aHoyt, James L. | |
| 906 |
_a7 _bcbc _corignew _d1 _eocip _f19 _gy-gencatlg |
||
| 942 |
_2lcc _cBK |
||
| 999 |
_c5623 _d13123 |
||